Vista normal Vista MARC

Entrada Topical Term

Número de registros utilizados en: 1

001 - CONTROL NUMBER

  • control field: 43722

003 - CONTROL NUMBER IDENTIFIER

  • control field: OSt

005 - DATE AND TIME OF LATEST TRANSACTION

  • control field: 20240628091059.0

008 - FIXED-LENGTH DATA ELEMENTS

  • fixed length control field: 240628|| aca||aabn | a|a d

040 ## - CATALOGING SOURCE

  • Original cataloging agency: OSt
  • Transcribing agency: OSt

150 ## - HEADING--TOPICAL TERM

  • Topical term or geographic name entry element: Premio Nobel
  • Geographic subdivision: Bulgaria

670 ## - SOURCE DATA FOUND

  • Source citation: Work cat.: (OSt)30719: Canetti, Elias , autor 43595, Las voces de Marrakech :, 1968